The complete guide to the toefl test (Registro nro. 2902)
[ vista simple ]
| 000 -CABECERA | |
|---|---|
| campo de control de longitud fija | 00575aam a2200217 4500 |
| 005 - FECHA Y HORA DE ACTUALIZACIÓN | |
| campo de control | 20161117093358.0 |
| 008 - LONGITUD FIJA | |
| campo de control de longitud fija | 150618b xxu||||| |||| 00| 0 spa d |
| 041 ## - IDIOMA | |
| Código de idioma del texto/pista de sonido o título separado | |
| 082 ## - CLASIFICACIÓN DECIMAL DEWEY | |
| Número de clasificación | 428.007.6 R724c |
| 100 ## - AUTOR PERSONAL | |
| Nombre de persona | Rogers, Bruce |
| 245 ## - TÍTULO PROPIAMENTE DICHO | |
| Título | The complete guide to the toefl test |
| 260 ## - PIE DE IMPRENTA | |
| Lugar de publicación, distribución, etc. | Estados Unidos |
| Nombre del editor, distribuidor, etc. | Essential |
| Fecha de publicación, distribución, etc. | 2011 |
| 300 ## - DESCRIPCIÓN FÍSICA | |
| Extensión | 506 páginas |
| 650 ## - Materia General | |
| Materia general | INGLÉS |
| 650 ## - Materia General | |
| Materia general | EXAMENES |
| 650 ## - Materia General | |
| Materia general | PREGUNTAS |
| 650 ## - Materia General | |
| Materia general | TEXTOS PARA EXTRANJEROS |
| 650 ## - Materia General | |
| Materia general | DIALOGO |
| 650 ## - Materia General | |
| Materia general | TEST |
| 942 ## - Punto de Acceso Adicional Koha | |
| Tipo de ítem Koha | Libro |
| Estado perdido | Estado dañado | No para préstamo | Biblioteca permanente | Biblioteca actual | Signatura completa | Código de barras | Precio efectivo a partir del | Tipo de ítem |
|---|---|---|---|---|---|---|---|---|
| Departamento de Biblioteca y Documentación Alfonso Chase Brenes | Departamento de Biblioteca y Documentación Alfonso Chase Brenes | 428.007.6 R724c | 16245 | 05/10/2016 | Libro |